Oigemeibüdung - Àfoch #1 - Statistiken

Allgemein
  • Dieses Quiz wurde 25 mal gespielt
  • Das Durchschnittsergebnis liegt bei 15 aus 17
Antwortstatistiken
Frog Åntwort % Korrekt
Wos is die Hauptståd von Griechenlånd? Athen
100%
Wöcha Berg is da hächste auf da Er'n? Everest
100%
Wer is zwarafuchzg Königin vo Englånd g'wuan? Königin Elizabeth II
100%
Wöchane Fårb hom Flamingos noamalaweis? Rosa
100%
Wer wår da erste afroamerikanische Präsident von Amerika? Barack Obama
96%
Wöcha Planet is åm näkstn zua Sunn? Merkur
96%
Wöches Lånd is es siadlichste vo Afrika? Südafrika
96%
Wer hod viazehn-zwaraneinzg Amerika für Indien g'hoidn? Christoph Kolumbus
92%
Wöchn Sport schaun se in Kanada de meistn Leid o? Eishockey
92%
In wöcham Ozean is Sri Lanka? Indischer Ozean
92%
In wöcham Bundestaad von Amerika lem die meistn Leid? Kalifornien
92%
Wer hot laut da Bibel den Leidn die 10 Gebote 'brocht? Moses
88%
Mick Jagger is "Leadsänger" von wöchana Rockband? The Rolling Stones
88%
Wos is des erste Ölement im Periodensystem? Wasserstoff
88%
Wer wor da Premierminister vo Englånd im zweidn Wödkriag? Winston Churchill
88%
Wie wer'n mehrzö'ige Viecha ohne Wirbesäln g'nonnt? Wirbellose
67%
Wie heißt es Göd in Englånd? Pfund
63%
Keine übereinstimmenden Quizze gefunden
Verteilung der Resultate
Anzahl Personen mit jedem Resultat
Perzentil nach korrekt beantworteten Fragen
Ihre Resultats-Entwicklung
Sie haben dieses Quiz noch nicht gespielt